| 000 | 00650nam a2200193 i 4500 | ||
|---|---|---|---|
| 001 | bg | ||
| 100 | 1 | _aZEMBROWSKI, Jerzy | |
| 245 | 1 | 0 |
_aKonstrukcje murowe z pustaków ceramicznych drążonych pionowo / _cJerzy Zembrowski. |
| 260 |
_aWarszawa : _b"Arkady", _c1968. |
||
| 490 | 1 |
_aPrace Instytutu Techniki Budowlanej. Konstrukcje Inżynierskie i Budowlane ; _vnr 40 |
|
| 650 | 9 | _aKonstrukcje murowe | |
| 650 | 9 | _aCeramika budowlana | |
| 830 | 0 |
_aPrace Instytutu Techniki Budowlanej. _pKonstrukcje Inżynierskie i Budowlane |
|
| 040 | _cBPK | ||
| 041 | 0 | _apol | |
| 080 | _a691:692.2 | ||
| 942 | _cKS | ||
| 008 | s pl f |000 0 pol | ||
| 999 |
_c10609 _d10609 |
||
| 856 |
_uhttp://koha.tu.koszalin.pl/cgi-bin/koha/opac-detail.pl?biblionumber=10609 _yKatalog online BPK |
||